000 00571nam a2200229Ia 4500
003 OSt
005 20221005124544.0
006 a|||||r|||| 00| 0
007 ta
008 221004b |||||||| |||| 00| 0 tam d
024 _a52373
037 _cTextual
040 _aCRL
_cCRL
_btam
041 _2tam
_atam
082 _aV21:51xN29w, 31L4
100 _aChokkalingam Au.
_9635429
245 0 _aNam kudumbam
260 _c1974
650 _aHISTORY
942 _hV21:51xN29w, 31L4
_cTEXL
_2cc
999 _c1050849
_d1050849